Equipes de Football de Ligue 1 1994-95 - Statistiques

Statistiques générales
  • Ce quiz a été pris 116 fois
  • Le résultat moyen est 16 sur 20
Statistiques - réponses
# Équipe Pts % Correct
2. Olympique Lyonnais 69
99%
3. Paris Saint-Germain 67
98%
1. FC Nantes 79
97%
16. OGC Nice 43
94%
7. Girondins de Bordeaux 57
93%
14. Lille OSC 48
93%
10. RC Strasbourg 51
91%
5. RC Lens 59
88%
13. Stade Rennais 48
87%
18. AS Saint-Étienne 38
84%
4. AJ Auxerre 62
78%
17. Montpellier HSC 41
78%
6. AS Monaco 57
77%
8. FC Metz 56
77%
20. FC Sochaux-Montbéliard 23
70%
19. SM Caen 36
69%
15. SC Bastia 44
61%
12. Le Havre 49
60%
9. AS Cannes 53
47%
11. FC Martigues 51
23%
Aucun quiz correspondant
Distribution des résultats
% des personnes avec chaque résultat
Percentile par nombre de réponses
Votre historique - résultats
Vous n’avez pas pris ce quiz